000
00312nam a2200133Ia 4500
100
_a
Satyanarayana/M/ Raman/L
942
_c
BK
654
_a
management
245
_a
Management operation Research
260
_b
Himalaya pub.house
_a
Bombay
_c
1984
082
_a
658.4032
_b
SAT
300
_a
463
546
_a
ENGLISH
999
_c
23458
_d
23458